El león destronado y otras nueves historia / (Registro nro. 12588)

Detalles MARC
000 -LEADER
fixed length control field 00783nam a22002417a 4500
003 - CONTROL NUMBER IDENTIFIER
control field DO-SdBNP
005 - DATE AND TIME OF LATEST TRANSACTION
control field 20170714115517.0
008 - FIXED-LENGTH DATA ELEMENTS--GENERAL INFORMATION
fixed length control field 1707141999 sp 00| 0 spa d
020 ## - INTERNATIONAL STANDARD BOOK NUMBER
International Standard Book Number 8439287976
040 ## - CATALOGING SOURCE
Original cataloging agency BPMSU
Language of cataloging spa
Transcribing agency BPMSU
082 ## - DEWEY DECIMAL CLASSIFICATION NUMBER
Classification number 863.6
Item number M899l
100 ## - MAIN ENTRY--PERSONAL NAME
Personal name Moser, Erwin
240 ## - UNIFORM TITLE
Uniform title <a href="Löwe König und neun andere geschichten">Löwe König und neun andere geschichten</a>
245 ## - TITLE STATEMENT
Title El león destronado y otras nueves historia /
Statement of responsibility, etc. Erwin Moser ; ilustraciones Violeta Monreal.
260 ## - PUBLICATION, DISTRIBUTION, ETC. (IMPRINT)
Place of publication, distribution, etc. Madrid :
Name of publisher, distributor, etc. Ediciones Gaviota,
Date of publication, distribution, etc. 1999.
300 ## - PHYSICAL DESCRIPTION
Extent [70] p. :
Other physical details il. ;
Dimensions 19 cm.
490 ## - SERIES STATEMENT
Series statement Gaviota junior
500 ## - GENERAL NOTE
General note Edad de lectura recomendada a partir de los 8 años.
650 ## - SUBJECT ADDED ENTRY--TOPICAL TERM
Topical term or geographic name as entry element Cuentos infantiles españoles
830 ## - SERIES ADDED ENTRY--UNIFORM TITLE
Uniform title Gaviota junior
942 ## - ADDED ENTRY ELEMENTS (KOHA)
Source of classification or shelving scheme Dewey Decimal Classification
Koha item type Mapas
956 ## - LOCAL ELECTRONIC LOCATION AND ACCESS (OCLC)
Host name VMATEO
Access number 10
Compression information 20170714
Path BPMSU
Electronic name 0069
Existencias
Withdrawn status Lost status Source of classification or shelving scheme Damaged status Not for loan Collection code Home library Current library Date acquired Total Checkouts Full call number Barcode Date last seen Price effective from Koha item type
    Dewey Decimal Classification     Colección Infantil General Biblioteca Pública Metropolitana Salomé Ureña Biblioteca Pública Metropolitana Salomé Ureña 07/14/2017   863.6 M899l BPMSU17070019 07/14/2017 07/14/2017 Mapas